000 00541nam a22001817a 4500
005 20251108165824.0
008 250721s2000 xx 000 0 ara d
082 1 4 _a216.91/شنت
100 1 _aالشنتوت، خالد أحمد
245 1 0 _aالتربية السياسية في المجتمع المسلم /
264 1 _aعمان :
_bدار البيارق،
_c2000.
300 _a162ص
650 1 7 _aالسياسة
650 1 7 _aالأحكام السلطانية
650 1 7 _aالإسلام
942 _2ddc
_cBK
999 _c32164
_d32164